000
00314nam a22001337a 4500
020
_a
81-222-0227-6
082
_a
001
_b
MUL/G
100
_a
MILLER, ROBERT
245
_a
THE GREAT BOOK OF MATH TEASERS
260
_a
DELHI
_b
ORIENT PAPERBACKS
_c
2001
300
_a
96
650
_a
GENERAL KNOWLEDGE
_z
INDIA
942
_c
BK
999
_c
6604
_d
6604